Estatutos generales de Barcelona, para la familia Cismontana de la regular observancia de N. P. San Francisco.

Detalles Bibliográficos
Formato: Libro
Publicado: Sevilla 1634
Materias:
Colección:Banco de datos
Acervo:Biblioteca del Museo de sitio casa de Morelos. Morelia. Michoacán
Tema general:Religiosos
Notas:Buena. Convento de San Buenaventura de Valladolid ? Cuatro diferentes ex libris manuscritos.
LEADER 00724nam a22001810004500
035 |a 58154 
036 |a 1215 
245 1 0 |a Estatutos generales de Barcelona, para la familia Cismontana de la regular observancia de N. P. San Francisco. 
260 |a Sevilla  |b Simón Fajardo  |c 1634 
500 |a Buena. Convento de San Buenaventura de Valladolid ? Cuatro diferentes ex libris manuscritos. 
650 1 0 |a Religiosos 
949 |a C.MOR 
959 |a Museo de Sitio Casa de Morelos. Morelia, Michoacán  |b CCC8 
960 |a Museo de Sitio Casa de Morelos, Michoacán  |b DD91 
961 |a Varias Ordenes Religiosas  |b VO 
942 |c MORELIA 
943 |g Biblioteca del Museo de sitio casa de Morelos. Morelia. Michoacán 
999 |c 975653  |d 975653